Carranza : el hombre, el político, el caudillo, el patriota /

Guardado en:
Bibliografiske detaljer
Hovedforfatter: Urquizo, Francisco L. (autor)
Format: Bog
Sprog:spansk
Udgivet: México : Secretaría de Gobernación, 1970
Udgivelse:9a edición
Fag:
Tags: Tilføj Tag
Ingen Tags, Vær først til at tagge denne postø!

MARC

LEADER 00000nam^a2200000^a^4500
001 000426102
005 20250526000000.0
009 20260310122732.987
037 |a Acervo ITESO - Biblioteca 
041 |a ESP 
082 |a 972. 0614  |b URQ 
100 |a Urquizo, Francisco L.  |e (autor) 
245 1 0 |a Carranza :  |b el hombre, el político, el caudillo, el patriota /  |c F.L. Urquizo. 
250 |a 9a edición 
264 1 |a México :  |b Secretaría de Gobernación,  |c 1970 
300 |a 78 p. ;  |c 20.5 cm. 
336 |a texto  |b txt  |2 rdacontenido 
337 |a sin mediación  |b n  |2 rdamedio 
338 |a volumen  |b nc  |2 rdasoporte 
649 |a XX 
650 |a Militares Mexicanos -  |x Biografías 
650 |a Políticos Mexicanos -  |x Biografías 
650 |a Jefes de Estado Mexicanos -  |x Biografías 
650 |a México -  |x Historia -  |y Revolución Carrancista y Constitucionalista, 1913-1917 
650 |a México -  |x Historia -  |y Revolución, 1910-1917 
650 |a México -  |x Historia -  |y 1910-1946 
650 |a Carranza, Venustiano -  |x Tema Principal 
910 |a Fondo Alfonso de Alba Martín 
920 |a Impresos - Libros 
930 |a Libros Antiguos y Raros 
905 |a 125 
901 |a 0500341092  |b IT2  |c LRA  |i D99113  |u 20250526 
902 |a https://opac.biblio.iteso.mx/vufind/Record/000426102